000 00563nam a22002057i 4500
001 3388
003 OSt
005 20170126082318.0
007 tu
008 161220s1996 xxu||||| |||| 00| 0 d
024 7 _a3387
_2RID
040 _cOSt
084 _a11.431
_2z
100 1 _aWeidenfeld, Werner
_eEd.
245 0 0 _aMittel- und Osteuropa auf dem Weg in die Europäische Union. Bericht zum Stand der Integrationsfähigkeit 1996
260 _aGütersloh :
_bBertelsmann Stiftung,
_c1996.
300 _a280 S. ;
_c30cm.
490 _aStrategien für Europa
651 _aEU
942 _cB
999 _c3338
_d3338